Fundamentals of human resource management (Record no. 38223)

MARC details
000 -LEADER
fixed length control field 00540 a2200181 4500
008 - FIXED-LENGTH DATA ELEMENTS--GENERAL INFORMATION
fixed length control field 110505t xxu||||| |||| 00| 0 eng d
050 ## - LIBRARY OF CONGRESS CALL NUMBER
Classification number HF5549
Item number .F86 2009
245 ## - TITLE STATEMENT
Title Fundamentals of human resource management
Statement of responsibility, etc Raymond A. Noe ... [et al.].
250 ## - EDITION STATEMENT
Edition statement 3rd.ed.
260 ## - PUBLICATION, DISTRIBUTION, ETC. (IMPRINT)
Name of publisher, distributor, etc McGraw hill
Date of publication, distribution, etc 2009
Place of publication, distribution, etc Boston
300 ## - PHYSICAL DESCRIPTION
Extent Xxxi,527p.
500 ## - GENERAL NOTE
General note includes bibliographical references and index
700 ## - ADDED ENTRY--PERSONAL NAME
Personal name Raymond A. Noe
700 ## - ADDED ENTRY--PERSONAL NAME
Personal name John R. Hollenbeck
700 ## - ADDED ENTRY--PERSONAL NAME
Personal name Barry Gerhart
700 ## - ADDED ENTRY--PERSONAL NAME
Personal name Patrick M. wright
942 ## - ADDED ENTRY ELEMENTS (KOHA)
Item type Book
Source of classification or shelving scheme Library of Congress Classification
Holdings
Withdrawn status Lost status Source of classification or shelving scheme Damaged status Not for loan Collection code Home library Current library Shelving location Date acquired Source of acquisition Total Checkouts Total Renewals Full call number Barcode Date last seen Date last borrowed Copy number Price effective from Koha item type
    Library of Congress Classification     Non-fiction Nairobi Campus Nairobi Campus General Circulation 05/05/2011 purchase 42 4 HF5549 .F86 2009 025303 20/02/2024 20/02/2024 1 05/05/2011 Book